Practice and law of banking - I / (Record no. 66369)

MARC details
000 -LEADER
fixed length control field 00576nam a22001577a 4500
005 - DATE AND TIME OF LATEST TRANSACTION
control field 20120509121722.0
020 ## - INTERNATIONAL STANDARD BOOK NUMBER
International Standard Book Number 8185212457
Terms of availability 125.00
035 ## - SYSTEM CONTROL NUMBER
System control number A-950187
037 ## - SOURCE OF ACQUISITION
Stock number DPL
Source of stock number/acquisition ENG
100 ## - MAIN ENTRY--PERSONAL NAME
Personal name Sohal, N.P.S.
245 ## - TITLE STATEMENT
Title Practice and law of banking - I /
Statement of responsibility, etc by N.P.S. Sohal
260 ## - PUBLICATION, DISTRIBUTION, ETC. (IMPRINT)
Place of publication, distribution, etc Chandigarh
Name of publisher, distributor, etc Arun Publishing House
Date of publication, distribution, etc 1996
300 ## - PHYSICAL DESCRIPTION
Extent 245p.
Dimensions 18 cms.
942 ## - ADDED ENTRY ELEMENTS (KOHA)
Source of classification or shelving scheme Dewey Decimal Classification
Item type English Books
Classification part 332.1
Call number suffix SOH
Holdings
Withdrawn status Lost status Not for loan Collection code Home library Current library Date acquired Cost, normal purchase price Full call number Barcode Cost, replacement price Koha item type
      Non-fiction Sarojini Nagar Sarojini Nagar 09/05/2012 0.00 332.1 SOH A-950187 0.00 English Books

© Delhi Public Library
Hit Counter
free hit counter